Statistics for Panathinaikos 1971 EC Final Starting XI

Click here to take the quiz!

General Stats

  • This quiz has been taken 76 times
  • The average score is 9 of 12

Answer Stats

PositionNationalityName% Correct
ManagerHungarianFerenc Puskás
95%
Centre Forward (C)GreekMimis Domazos
95%
Right WingerGreekAntonis Antoniadis
92%
Left BackGreekAristidis Kamaras
79%
Left WingerGreekAnthimos Kapsis
76%
Centre BackGreekKostas Eleftherakis
74%
Att. MidGreekTotis Filakouris
74%
GoalkeeperGreekTakis Ikonomopoulos
71%
Centre MidGreekHaris Grammos
68%
Def. MidGreekFrangiskos Sourpis
66%
Right BackGreekYiannis Tomaras
61%
Centre BackGreekGiorgos Vlachos
55%

Score Distribution

Percentile by Number Answered

Percent of People with Each Score

Your Score History

You have not taken this quiz